[Event "ch-FRA"]
[Site "Val d'Isere FRA"]
[Date "2004.08.20"]
[Round "5"]
[White "Le Roux,JP"]
[Black "Apicella,M"]
[Result "0-1"]
[WhiteElo "2489"]
[BlackElo "2532"]

1.e4 e6 2.d4 d5 3.Nc3 Bb4 4.e5 Ne7 5.a3 Bxc3+ 6.bxc3 c5 7.Qg4 O-O 8.Nf3 Nbc6
9.Bd3 f5 10.exf6 Rxf6 11.Qh5 h6 12.Be3 c4 13.Be2 Qf8 14.O-O Bd7 15.Rae1 Ng6
16.Kh1 Qxa3 17.g4 Nf4 18.Bxf4 Rxf4 19.g5 Be8 20.Qh3 h5 21.Nh4 Nxd4 22.Bd1 Rxh4
23.Qxh4 Qxc3 24.Bxh5 Nf3 25.Qh3 Bxh5 26.Re3 Nxg5 27.Qxh5 Qf6 28.Rg1 Ne4 29.Rf3 Qe7
30.Rf4 Rf8 31.Rh4 Nxf2+ 32.Kg2 Rf5 33.Qh7+ Kf7 34.Rh5 Rf4 35.h3 Qf6 36.Kh2 Ne4  0-1

[Event "I Fincas Mediterranea"]
[Site "Castelldefels ESP"]
[Date "2004.08.21"]
[Round "4"]
[White "Lacasa Diaz,J"]
[Black "Gonzalez Rodriguez,JA"]
[Result "0-1"]
[WhiteElo "2416"]
[BlackElo "2348"]

1.e4 e6 2.d4 d5 3.Nc3 Bb4 4.e5 b6 5.a3 Bf8 6.Bb5+ c6 7.Ba4 a5 8.Nf3 Ba6 9.Ne2 Bb5
10.Bb3 a4 11.Ba2 c5 12.c3 Nc6 13.O-O Na5 14.Re1 Ne7 15.Bg5 Qd7 16.Bxe7 Bxe7
17.Nf4 Bc4 18.Bxc4 Nxc4 19.Rb1 O-O 20.Nd2 Nxd2 21.Qxd2 Bg5 22.Qe3 Qb5 23.Qe2 Qb3
24.Nh3 Bh6 25.Rbd1 Ra5 26.g4 g6 27.g5 Bg7 28.Rd2 cxd4 29.Rxd4 Rb5 30.Rb1 Rc8
31.Kg2 Rxc3 32.bxc3 Qxb1 33.Rxa4 Ra5 34.Rxa5 bxa5 35.f4 h5 36.c4 Qb6 37.cxd5 exd5
38.a4 Qe6 39.Nf2 Bf8 40.Nd3 Qd7 41.Qd1 Qc6 42.h3 Qc4 43.Kg3 Bc5 44.Qb1 Kg7
45.e6 Qe4 46.exf7 Qe3+ 47.Kg2 Qe4+  0-1

[Event "8th WUCC"]
[Site "Instanbul TUR"]
[Date "2004.09.06"]
[Round "3"]
[White "Kulaots,K"]
[Black "Kuemin,S"]
[Result "1-0"]
[WhiteElo "2593"]
[BlackElo "2392"]

1.e4 e6 2.d4 d5 3.Nc3 Bb4 4.e5 Ne7 5.a3 Bxc3+ 6.bxc3 c5 7.Qg4 O-O 8.Bd3 Nbc6
9.Qh5 Ng6 10.Nf3 Qc7 11.Be3 c4 12.Bxg6 fxg6 13.Qg4 Bd7 14.h4 Rf5 15.h5 gxh5
16.Rxh5 Rxh5 17.Qxh5 Be8 18.Qh3 Nd8 19.Kd2 Bg6 20.g4 Nc6 21.Nh4 Qf7 22.f4 Rf8
23.Rf1 Ne7 24.Rf2 Be4 25.Nf3 Bxf3 26.Rxf3 h6 27.Bf2 Kh7 28.Bh4 Ng6 29.f5 Nxh4
30.Qxh4 Kg8 31.Ke3 Kh7 32.Rf2 Kg8 33.g5 hxg5 34.Qxg5 exf5 35.Kf4 g6 36.Rg2 Kg7
37.Rh2 Rh8 38.Qf6+  1-0

[Event "zt2.3.c2"]
[Site "San Jose CRC"]
[Date "2004.09.11"]
[Round "8"]
[White "Espinoza,F"]
[Black "Davila,C"]
[Result "1/2-1/2"]
[WhiteElo "2191"]
[BlackElo "2339"]

1.e4 e6 2.d4 d5 3.Nc3 Bb4 4.e5 b6 5.f4 Qd7 6.Nf3 Ne7 7.a3 Bxc3+ 8.bxc3 Ba6
9.Bxa6 Nxa6 10.a4 c5 11.Qd3 c4 12.Qd1 h5 13.O-O Nf5 14.g3 O-O-O 15.Qe2 Rh6
16.Ba3 Nc7 17.Bd6 Nxd6 18.exd6 Qxd6 19.Ne5 Rf8 20.a5 b5 21.f5 f6 22.Ng6 Re8
23.Qf3 exf5 24.Qxf5+ Qd7 25.Rae1 Qxf5 26.Rxe8+ Nxe8 27.Ne7+ Kd7 28.Nxf5 Rh7
29.Re1 g6 30.Nh4 Rg7 31.Rf1 a6 32.Rf3 Ke6 33.Re3+ Kf7 34.Ng2 g5 35.Re1 Nc7
36.Kf2 Kf8 37.Ne3 Re7 38.h3 Kf7 39.g4 hxg4 40.hxg4 Kg6 41.Kf3 b4 42.cxb4 Nb5
43.Rd1 Nc3 44.Rh1 Rb7 45.Nf5 Rxb4 46.Rh6+ Kf7 47.Rh7+ Ke8 48.Ra7 Ra4 49.Rxa6 Ra3
50.Kg2 Kd7 51.Rd6+ Kc7 52.Rxf6 Rxa5 53.Rg6 Ne4 54.Ne3 Kd7 55.Kf3 Ra3 56.Ke2 Nc3+
57.Kf1 Ra1+ 58.Kg2 Re1 59.Kf3 Rh1 60.Kg2 Re1 61.Kf2 Rc1 62.Kf3 Nb5 63.Rxg5 Nxd4+
64.Kf2 Nxc2 65.Nxd5 Rd1 66.Nb6+ Ke6 67.Nxc4 Rd4 68.Nb6 Kf6  1/2-1/2

[Event "TCh-SCG 2nd Liga"]
[Site "Sutomore SCG"]
[Date "2004.09.12"]
[Round "5"]
[White "Rabrenovic,M"]
[Black "Gavric,M"]
[Result "0-1"]
[WhiteElo "2300"]
[BlackElo "2396"]

1.e4 e6 2.d4 d5 3.Nc3 Bb4 4.e5 Ne7 5.a3 Bxc3+ 6.bxc3 c5 7.Qg4 O-O 8.Bd3 Qa5
9.Ne2 Qa4 10.Bg5 Nbc6 11.Qh3 Ng6 12.Nf4 c4 13.Nh5 f5 14.exf6 cxd3 15.fxg7 d2+
16.Kxd2 Rf7 17.Nf6+ Rxf6 18.Bxf6 e5 19.Qf3 e4 20.Qh5 Be6 21.Rhe1 Na5 22.f4 Nc4+
23.Kc1 Qa5 24.Rf1 Qxc3 25.Ra2 Nxf4 26.Qh6 Nd3+  0-1

[Event "TCh-SCG Men"]
[Site "Budva SCG"]
[Date "2004.09.13"]
[Round "6"]
[White "Ivanovic,B"]
[Black "Drasko,M"]
[Result "1/2-1/2"]
[WhiteElo "2445"]
[BlackElo "2471"]

1.e4 e6 2.d4 d5 3.Nc3 Bb4 4.e5 Ne7 5.a3 Bxc3+ 6.bxc3 c5 7.Qg4 O-O 8.Bd3 Nbc6
9.Qh5 Ng6 10.Nf3 Qc7 11.Be3 Nce7 12.h4 Bd7 13.Qg4 f5 14.Qh3 cxd4 15.cxd4 Bb5
16.O-O Bxd3 17.cxd3 h6 18.h5 Nh8 19.Kh1 Kh7 20.Bf4 Rac8 21.Rg1 Qd7 22.g4 fxg4
23.Rxg4 Nf5 24.Rag1 Qe8 25.R4g2 Rc7 26.Bd2 Qf7 27.Qg4 Qd7 28.Kh2 b6 29.Kh1 a5
30.Kh2 Qe7 31.Rb1 Rc6 32.Rbg1 Rc7 33.Rb1  1/2-1/2

[Event "3rd Autumn"]
[Site "Alushta UKR"]
[Date "2004.09.16"]
[Round "10"]
[White "Geller,J"]
[Black "Neelotpal,D"]
[Result "1-0"]
[WhiteElo "2484"]
[BlackElo "2448"]

1.e4 e6 2.d4 d5 3.Nc3 Bb4 4.e5 Ne7 5.Qg4 Nf5 6.Bd3 h5 7.Qf4 Nc6 8.Bxf5 exf5
9.a3 Be7 10.h4 Be6 11.Nf3 Qd7 12.Rh3 g6 13.Rg3 Rg8 14.Kf1 O-O-O 15.Bd2 f6
16.exf6 Bxf6 17.Re1 Bf7 18.Ne5 Bxe5 19.dxe5 d4 20.Ne2 Rge8 21.Nc1 Qd5 22.Nd3 Qc4
23.Kg1 Qxc2 24.e6 Rxe6 25.Rc1 Qb3 26.Nc5 Qd5 27.Nxe6 Qxe6 28.b4 Rd5 29.a4 Qd7
30.Re1 Nd8 31.b5 Ne6 32.Qh6 b6 33.Rxg6 Bxg6 34.Qxg6 Nd8 35.Qxh5 d3 36.Qf3 Nf7
37.h5 Kb8 38.h6 Rd4 39.Qc6 Qxc6 40.bxc6 Rd8 41.Re7 Nd6 42.h7 Ne4 43.Bf4 Nf6
44.Rf7 d2 45.Bxd2 Ng4 46.Rd7  1-0

[Event "79th ch-ARG"]
[Site "Buenos Aires ARG"]
[Date "2004.09.24"]
[Round "1"]
[White "Semprevivo,M"]
[Black "De Dovitiis,A"]
[Result "0-1"]
[WhiteElo "2087"]
[BlackElo "2356"]

1.e4 e6 2.d4 d5 3.Nc3 Bb4 4.e5 Qd7 5.a3 Bxc3+ 6.bxc3 b6 7.Qg4 f5 8.Qh5+ g6
9.Qh4 h6 10.a4 Nc6 11.Bb5 a6 12.Bd3 Bb7 13.Ne2 Nce7 14.Be3 a5 15.g4 O-O-O
16.Rg1 Bc6 17.Kd2 Rh7 18.gxf5 Nxf5 19.Bxf5 gxf5 20.Nf4 Bxa4 21.Rg6 Re7 22.Rxg8 Rxg8
23.Rxa4 Qxa4 24.Qxe7 Re8 25.Qf7 Qc6 26.Kd1 Kb7 27.Bc1 Ka6 28.Kd2 Kb7 29.h4 Kc8
30.h5 Qd7 31.Qf6 c5 32.Qxh6 cxd4 33.cxd4 Qa4 34.Bb2 Kb7 35.Nxe6 Rc8 36.Bc3 Qc6
37.Nc5+ bxc5 38.Qxc6+ Kxc6 39.Bxa5 cxd4 40.Kd3 Rh8 41.Kxd4 Rxh5 42.Bd8 Kd7
43.Bf6 Ke6 44.c4 dxc4 45.Kxc4 f4 46.Kd4 Kf5 47.Kd3 Rh7 48.Ke2 Ra7 49.Kf3 Ra3+
50.Ke2 Ra2+ 51.Kf3 Rc2 52.Bg7 Rc7 53.Bf6 Rb7 54.Bh8 Rb3+ 55.Ke2 Ke4 56.e6 Rb6
57.e7 Re6 58.Bf6 Kf5+  0-1

[Event "Monarch Assurance"]
[Site "Port Erin IOM"]
[Date "2004.09.26"]
[Round "2"]
[White "Arakhamia,K"]
[Black "Collier,D"]
[Result "1/2-1/2"]
[WhiteElo "2446"]
[BlackElo "2168"]

1.e4 e6 2.d4 d5 3.Nc3 Bb4 4.e5 Qd7 5.Qg4 Bf8 6.h4 b6 7.Bb5 c6 8.Ba4 h5 9.Qf4 Ne7
10.Nce2 Ng6 11.Qe3 Qe7 12.Nf3 Qb4+ 13.Nc3 b5 14.Bb3 a5 15.a4 bxa4 16.Rxa4 Qb6
17.O-O Be7 18.g3 c5 19.Ra1 cxd4 20.Nxd4 O-O 21.Na4 Qc7 22.f4 Ba6 23.Re1 Nc6
24.c3 Nxd4 25.cxd4 Rab8 26.Bd2 Bb4 27.Bd1 Ne7 28.Bc3 g6 29.Bc2 Rfc8 30.Rec1 Qa7
31.Kh2 Nc6 32.Bd1 Kg7 33.Qd2 Qe7 34.Bf3 Bb5 35.Nc5 Bxc5 36.dxc5 Qxc5 37.Bxa5 Qd4
38.Qxd4 Nxd4 39.Bd1 Bc4 40.Bc3 Nb3 41.Bxb3 Bxb3 42.Kg2 Rc4 43.Kf2 d4 44.Bd2 Rbc8
45.Rxc4 Bxc4 46.Ra4 d3 47.Rb4 Kf8 48.Ke3 Rc7 49.b3 Bd5 50.Rb8+ Ke7 51.b4 Rb7
52.Rc8 Kd7 53.Rf8 Kc6 54.Kxd3 Bg2 55.Bc3 Bf1+ 56.Ke3 Ba6 57.Ra8 Bf1 58.Ra1 Bb5
59.Bd4 Bc4 60.Bc5 Rd7 61.Bd6 Bb5 62.Ra8 Bf1 63.Ke4 Kb6 64.Rb8+ Kc6 65.Rc8+ Kb6
66.Rc3 Ba6 67.Ke3 Bf1 68.Bc5+ Kb7 69.Bd6 Ba6 70.Rc5 Kb6 71.Ra5 Bf1 72.Ra1 Ba6
73.Rc1 Bb5 74.f5 exf5 75.Kf4 Bc6 76.Rd1 Ba4 77.Rd3 Bb5 78.Rd4 Kc6 79.Kg5 Ba4
80.Rd3 Bb5 81.Rc3+ Kb7 82.Kf6 Bc6 83.Rc5 Ba4 84.Ra5 Bb3 85.Bc5 Kc6 86.Ra6+ Kb7
87.b5 Rd5 88.Rb6+ Kc7 89.Bf2 Rd2 90.Rc6+ Kb7 91.Rc3  1/2-1/2

[Event "IMB Classic"]
[Site "Gausdal NOR"]
[Date "2004.09.29"]
[Round "9"]
[White "Royset,P"]
[Black "Berry,N"]
[Result "1/2-1/2"]
[WhiteElo "2232"]
[BlackElo "2228"]

1.e4 e6 2.d4 d5 3.Nc3 Bb4 4.e5 Ne7 5.Bd2 b6 6.Bb5+ c6 7.Ba4 O-O 8.Nce2 Bxd2+
9.Qxd2 f6 10.exf6 Rxf6 11.f4 c5 12.c3 Bd7 13.Bc2 Be8 14.Nf3 Bg6 15.Bxg6 Nxg6
16.O-O Nd7 17.Qe3 Qc7 18.Ng5 Qd6 19.g3 h6 20.Nf3 Ne7 21.Ne5 Rff8 22.Nxd7 Nf5
23.Qf2 Qxd7 24.dxc5 bxc5 25.Qxc5 Rab8 26.b3 Rbc8 27.Qf2 Nd6 28.Rad1 Ne4 29.Qe3 Qb7
30.Qd4 Qa6 31.c4 Qxa2 32.Nc1 Qa6 33.cxd5 Nc3 34.Rde1 Nxd5 35.f5 Nc7 36.f6 Qb6
37.Qxb6 axb6 38.fxg7 Rxf1+ 39.Kxf1  1/2-1/2

[Event "Monarch Assurance"]
[Site "Port Erin IOM"]
[Date "2004.09.30"]
[Round "6"]
[White "Arakhamia,K"]
[Black "Bigg,A"]
[Result "1-0"]
[WhiteElo "2446"]
[BlackElo "2275"]

1.e4 e6 2.d4 d5 3.Nc3 Bb4 4.e5 Ne7 5.a3 Bxc3+ 6.bxc3 c5 7.h4 Qc7 8.Nf3 Nbc6
9.h5 h6 10.Rh4 Bd7 11.Rg4 Nf5 12.Bd3 Nce7 13.a4 c4 14.Be2 O-O-O 15.Ba3 Be8
16.Qc1 g6 17.Nh4 g5 18.Nxf5 Nxf5 19.a5 f6 20.exf6 Bxh5 21.Qb2 Bxg4 22.Bxg4 Qf4
23.a6 b6 24.Qb5 Kc7 25.Bxf5 Qxf5 26.Be7 Qxc2 27.Qb4 Qg6 28.Bxd8+ Rxd8 29.Qe7+ Rd7
30.Qxe6 Qf7 31.Qe5+ Rd6 32.Kf1 Qxf6 33.Qe8 Rd8 34.Qe3 Rf8 35.Re1 Rf7 36.Re2 Rd7
37.Qh3 Kd6 38.Qh2+ Kc6 39.Qb8 Qd6 40.Qe8 Kb5 41.Re6 Qc7 42.Re7 Kc6 43.Re6+ Kb5
44.Re7 Kc6 45.g4 Qd8 46.Qxd8 Rxd8 47.Rxa7 b5 48.Rh7 b4 49.cxb4 Kb5 50.a7 Ra8
51.Rb7+ Kc6 52.Rh7 Kb5 53.Ke2 Kxb4 54.Kd2 Kb5 55.Kc3 Rf8 56.f4 Re8 57.Re7  1-0

[Event "Monarch Assurance"]
[Site "Port Erin IOM"]
[Date "2004.09.30"]
[Round "6"]
[White "Baklan,V"]
[Black "Williams,Si"]
[Result "1-0"]
[WhiteElo "2595"]
[BlackElo "2427"]

1.e4 e6 2.d4 d5 3.Nc3 Bb4 4.e5 Ne7 5.a3 Bxc3+ 6.bxc3 b6 7.Qg4 Ng6 8.h4 h5
9.Qd1 Ba6 10.Bg5 f6 11.Bxa6 Nxa6 12.Qd3 Kf7 13.Nh3 Nb8 14.O-O c5 15.Rae1 c4
16.Qf3 Nf8 17.exf6 gxf6 18.Nf4 fxg5 19.Nxe6+ Qf6 20.Nxg5+ Kg6 21.Qxd5 Nc6
22.Re3 Rd8 23.Qe4+ Kh6 24.Rf3 Qg6 25.Qe3  1-0

[Event "VIII Itau Cup"]
[Site "Sao Paulo BRA"]
[Date "2004.10.02"]
[Round "9"]
[White "Bittencourt,J"]
[Black "Bere,R"]
[Result "1-0"]
[WhiteElo "2353"]
[BlackElo "2108"]

1.e4 e6 2.d4 d5 3.Nc3 Bb4 4.e5 Ne7 5.a3 Bxc3+ 6.bxc3 c5 7.h4 Nbc6 8.h5 cxd4
9.cxd4 Bd7 10.h6 g6 11.Nf3 Qa5+ 12.Bd2 Qa4 13.Bg5 Nf5 14.c3 Qxd1+ 15.Kxd1 O-O
16.Rb1 Bc8 17.Bb5 Nfe7 18.Nh2 a6 19.Bxc6 Nxc6 20.Ng4 b5 21.Bf6 Bd7 22.Bg7 f5
23.Bxf8 fxg4 24.Bb4 Nd8 25.Rh4 Nf7 26.Be7 Rc8 27.Kd2 Be8 28.Rbh1 Rc7 29.Bf6 Rc8
30.Rxg4 Nd8 31.Bxd8 Rxd8 32.Rf4 Rc8 33.Rf6 Bf7 34.Rh3 Rc7 35.Rhf3 Rb7 36.Ke3 Rc7
37.Kf4 Kf8 38.Kg5 Ke8 39.g4 Rb7 40.Rxf7 Rxf7 41.Rxf7 Kxf7 42.f4  1-0

[Event "36th Olympiad"]
[Site "Calvia ESP"]
[Date "2004.10.19"]
[Round "5"]
[White "Hossain,Enam"]
[Black "Rocha,S"]
[Result "1-0"]
[WhiteElo "2413"]
[BlackElo "2431"]

1.e4 e6 2.d4 d5 3.Nc3 Bb4 4.e5 Ne7 5.a3 Bxc3+ 6.bxc3 b6 7.a4 Ba6 8.Bxa6 Nxa6
9.a5 Qc8 10.Ba3 c5 11.Ne2 O-O 12.O-O Nb8 13.Nf4 Nd7 14.Qf3 Ng6 15.Nd3 Qc7
16.Ra2 f6 17.Qh3 Rae8 18.axb6 axb6 19.f4 f5 20.Qe3 Ra8 21.Rfa1 Ra7 22.dxc5 Rfa8
23.cxb6 Qxb6 24.Bc5 Rxa2 25.Bxb6 Rxa1+ 26.Kf2 Rb1 27.Bd4 h5 28.Kg3 h4+ 29.Kh3 Rf1
30.Qd2 Kf7 31.Be3 Rc8 32.g3 hxg3 33.hxg3 Ne7 34.Ne1 Rh1+ 35.Kg2 Rh6 36.Nf3 Kg8
37.Qd3 Nf8 38.Bd4 Nh7 39.Qa6 Kf7 40.Qa7 g5 41.Bc5 Re8 42.Nd4 Nf8 43.Nb5 Ng6
44.Nd6+ Kf8 45.fxg5 Rh7 46.Qd7 Ra8 47.Qxe6 Ra2 48.Bb4 Rxc2+ 49.Kf3 f4 50.Nf5 fxg3
51.Qc8+ Kf7 52.e6+  1-0

[Event "19th Open"]
[Site "Le Touquet FRA"]
[Date "2004.10.26"]
[Round "2"]
[White "Borzakian,M"]
[Black "Kononenko,T"]
[Result "0-1"]
[WhiteElo "2198"]
[BlackElo "2305"]

1.e4 e6 2.d4 d5 3.Nc3 Bb4 4.e5 Ne7 5.a3 Bxc3+ 6.bxc3 c5 7.Qg4 O-O 8.Bd3 f5
9.exf6 Rxf6 10.Bg5 Rf7 11.Qh5 g6 12.Qh4 Nbc6 13.Nf3 c4 14.Be2 Qa5 15.Bd2 Nf5
16.Qg5 Bd7 17.O-O Re8 18.Ne5 Nxe5 19.dxe5 Qc7 20.f4 Ba4 21.Rac1 Qc5+ 22.Kh1 Kg7
23.Qg4 Ne3 24.Bxe3 Qxe3 25.Qf3 Qxf3 26.Rxf3 Ref8 27.g3 g5 28.Rff1 gxf4 29.Bh5 Rf5
30.Bg4 Rxe5 31.Rce1 fxg3 32.Rxe5 Rxf1+ 33.Kg2 gxh2 34.Kxh2 Bd7  0-1

[Event "19th Open"]
[Site "Le Touquet FRA"]
[Date "2004.10.27"]
[Round "4"]
[White "Goloshchapov,A"]
[Black "Dgebuadze,A"]
[Result "1-0"]
[WhiteElo "2566"]
[BlackElo "2550"]

1.e4 e6 2.d4 d5 3.Nc3 Bb4 4.e5 Ne7 5.a3 Bxc3+ 6.bxc3 c5 7.Qg4 O-O 8.Bd3 Nbc6
9.Qh5 Ng6 10.Nf3 Qc7 11.Be3 c4 12.Bxg6 fxg6 13.Qg4 Bd7 14.h4 Rf5 15.h5 gxh5
16.Rxh5 Raf8 17.Rh3 Qa5 18.Kd2 Be8 19.Ng5 Rxg5 20.Qxg5 Bg6 21.Rhh1 Qa4 22.Ra2 Rf5
23.Qg4 Na5 24.Qd1 b6 25.Qb1 Qd7 26.f3 Nc6 27.a4 Be8 28.Rh3 Qe7 29.Ra1 Rf8
30.Ra2 Bg6 31.Ke2 Bf5 32.Rh2 Bg6 33.Kf2 Rc8 34.Bc1 Qf7 35.Rh4 Qe7 36.Rh2 Qf7
37.Rh4 Qe7 38.Rh1 Qd8 39.Ba3 Rc7 40.Qc1 Rf7 41.Bd6 h6 42.Qd2 Bf5 43.Raa1 Qc8
44.Rh4 Na5 45.Bb4 Nb7 46.a5 bxa5 47.Ba3 Nd8 48.Bc5 Rb7 49.Qc1 Rb5 50.Rh1 Nc6
51.Bd6 a6 52.Rb1 Qd8 53.g4 Bg6 54.Kg3 Qd7 55.Rxb5 axb5 56.Qd2 b4 57.cxb4 axb4
58.Bxb4 Nxb4 59.Qxb4 Bxc2 60.Ra1 Bg6 61.Ra8+ Be8 62.Qd6  1-0

[Event "World Seniors"]
[Site "Halle GER"]
[Date "2004.10.28"]
[Round "5"]
[White "Klovans,J"]
[Black "Bukal,V sr"]
[Result "1/2-1/2"]
[WhiteElo "2455"]
[BlackElo "2405"]

1.e4 e6 2.d4 d5 3.Nc3 Bb4 4.e5 Ne7 5.a3 Bxc3+ 6.bxc3 c5 7.h4 Qc7 8.Nf3 b6
9.h5 h6 10.Bb5+ Bd7 11.Bd3 Ba4 12.O-O Nd7 13.Re1 Qc6 14.Rb1 a6 15.Nh4 Bb5
16.Bxb5 axb5 17.Qd3 Ra4  1/2-1/2

[Event "19th Open"]
[Site "Le Touquet FRA"]
[Date "2004.10.29"]
[Round "7"]
[White "Mandon,F"]
[Black "Gervasio,R"]
[Result "0-1"]
[WhiteElo "2146"]
[BlackElo "2280"]

1.e4 e6 2.d4 d5 3.Nc3 Bb4 4.e5 Ne7 5.a3 Bxc3+ 6.bxc3 c5 7.Qg4 O-O 8.Nf3 Qa5
9.Bd2 Nbc6 10.Bd3 Nf5 11.c4 Qa4 12.cxd5 Ncxd4 13.Nxd4 Nxd4 14.Kf1 exd5 15.Qh4 h6
16.c3 Bf5 17.Be2 Qc2 18.cxd4 Qxd2 19.Rd1 Qc3 20.g4 Bc2  0-1

[Event "19th Open"]
[Site "Le Touquet FRA"]
[Date "2004.10.31"]
[Round "9"]
[White "Korneev,O"]
[Black "Dgebuadze,A"]
[Result "1-0"]
[WhiteElo "2583"]
[BlackElo "2550"]

1.e4 e6 2.d4 d5 3.Nc3 Bb4 4.e5 Ne7 5.a3 Bxc3+ 6.bxc3 c5 7.Qg4 O-O 8.Bd3 f5
9.exf6 Rxf6 10.Bg5 Nd7 11.Qh4 h6 12.Bxf6 Nxf6 13.Qg3 Qa5 14.Ne2 cxd4 15.O-O dxc3
16.Nxc3 Nc6 17.f4 Qc5+ 18.Kh1 Bd7 19.Nd1 Rf8 20.Nf2 Rf7 21.Ng4 Nxg4 22.Qxg4 e5  1-0

[Event "8th OIBM"]
[Site "Bad Wiessee GER"]
[Date "2004.11.05"]
[Round "7"]
[White "Hertneck,G"]
[Black "Stimpel,F"]
[Result "1-0"]
[WhiteElo "2552"]
[BlackElo "2320"]

1.e4 e6 2.d4 d5 3.Nc3 Bb4 4.e5 Ne7 5.a3 Bxc3+ 6.bxc3 c5 7.Qg4 O-O 8.Bd3 Nbc6
9.Qh5 Ng6 10.Nf3 Qe8 11.dxc5 Nce7 12.Rb1 f6 13.O-O f5 14.Nd4 Nxe5 15.Qxe8 Rxe8
16.Nb5 Rf8 17.Nc7 Rb8 18.Bf4 N7g6 19.Bxe5 Nxe5 20.Rfe1 Nxd3 21.cxd3 Kf7 22.Nb5 a6
23.Nd6+ Ke7 24.Rb6 Bd7 25.Nxb7  1-0

[Event "WYb18"]
[Site "Heraklio GRE"]
[Date "2004.11.07"]
[Round "5"]
[White "Stellwagen,D"]
[Black "Kim,Alex"]
[Result "1/2-1/2"]
[WhiteElo "2512"]
[BlackElo "2443"]

1.e4 e6 2.d4 d5 3.Nc3 Bb4 4.e5 Ne7 5.a3 Bxc3+ 6.bxc3 c5 7.Qg4 O-O 8.Bd3 Qa5
9.Bd2 Nbc6 10.Nf3 f5 11.exf6 Rxf6 12.Qh5 Nf5 13.c4 Qa4 14.g4 dxc4 15.Be4 Nce7
16.Bg5 Qa5+ 17.Kf1 g6 18.Qh3 Rf8 19.gxf5 exf5 20.Bd3 cxd3 21.Bxe7 Re8 22.Bxc5 dxc2
23.Ng5 Qb5+ 24.Kg2 Qc6+ 25.Kg1 Qc7 26.Qb3+ Kg7 27.Qxc2 Qf4 28.h4 h6 29.d5 Qg4+
30.Kf1 b6 31.Bd4+ Kg8 32.Qc4 Ba6 33.Qxa6 Qxd4 34.Rc1 Qxd5 35.Qc4 Qxc4+ 36.Rxc4 hxg5
37.hxg5 Rac8 38.Rhh4 Rxc4 39.Rxc4 Re5 40.Rc8+ Kf7 41.Rc7+ Ke6 42.Rxa7 f4
43.Ra6 Rb5 44.a4 Rb1+ 45.Kg2 Kf5 46.a5 b5 47.Rf6+ Kg4 48.a6 Ra1 49.f3+ Kxg5
50.Rb6 Kh5 51.Rxb5+ Kh4 52.Rb6 Ra2+ 53.Kg1 g5 54.Rg6 Kg3 55.Rxg5+ Kxf3 56.Rb5  1/2-1/2

[Event "V Open"]
[Site "Sauzal ESP"]
[Date "2004.11.07"]
[Round "6"]
[White "Cabrera,A"]
[Black "Gonzalez Rodriguez,JA"]
[Result "0-1"]
[WhiteElo "2502"]
[BlackElo "2354"]

1.e4 e6 2.d4 d5 3.Nc3 Bb4 4.e5 b6 5.a3 Bxc3+ 6.bxc3 Qd7 7.Qg4 f5 8.Qg3 Ba6
9.Bxa6 Nxa6 10.Ne2 O-O-O 11.O-O Nb8 12.a4 Nc6 13.Ba3 Na5 14.Bb4 Nc4 15.a5 Kb7
16.Nf4 Qf7 17.Qg5 Nh6 18.Ra2 a6 19.axb6 cxb6 20.Rb1 Ra8 21.Nd3 Rhc8 22.Bd6 a5
23.Nb2 Ra6 24.Bc5 Nxb2 25.Raxb2 Rc6 26.Qd8 Qc7 27.Qf8 Ka7 28.Bd6  0-1

[Event "V Open"]
[Site "Sauzal ESP"]
[Date "2004.11.07"]
[Round "9"]
[White "Alvarez Diaz,V"]
[Black "Gonzalez Rodriguez,JA"]
[Result "0-1"]
[WhiteElo "2125"]
[BlackElo "2354"]

1.e4 e6 2.d4 d5 3.Nc3 Bb4 4.e5 b6 5.a3 Bxc3+ 6.bxc3 Qd7 7.Nf3 Ba6 8.Bxa6 Nxa6
9.Qe2 Nb8 10.O-O Nc6 11.Re1 Na5 12.Bf4 Ne7 13.h3 Nc4 14.Nd2 Nxd2 15.Bxd2 Nc6
16.Red1 Na5 17.Be1 Nc4 18.Rdb1 a5 19.Qg4 O-O 20.h4 f5 21.Qf4 Qf7 22.Rd1 Qh5
23.Rd3 h6 24.Rg3 Kh7 25.f3 Rg8  0-1

[Event "FSGM November"]
[Site "Budapest HUN"]
[Date "2004.11.12"]
[Round "7"]
[White "Seres,L"]
[Black "Boros,De"]
[Result "1/2-1/2"]
[WhiteElo "2443"]
[BlackElo "2414"]

1.e4 e6 2.d4 d5 3.Nc3 Bb4 4.e5 Ne7 5.Bd2 b6 6.Qg4 Nf5 7.Nf3 Ba6 8.O-O-O Bxf1
9.Rhxf1 Nc6 10.Ne2 Qd7 11.Ng3 Bxd2+ 12.Rxd2 Nce7 13.Nh5 Qb5 14.Rfd1 Ng6 15.Qh3 Rg8
16.g4 Nfe7 17.Ng1 Nc6 18.f4 Na5 19.Rf2 c5 20.f5 Nf8 21.Nf3 h6 22.g5 Nc4 23.b3 Ne3
24.gxh6 Nxd1 25.Kxd1 exf5 26.hxg7 Nd7 27.Nf6+ Nxf6 28.exf6 O-O-O 29.Qxf5+ Kb7
30.Ne5 Qb4 31.Qd3 cxd4 32.Nxf7 Rde8 33.Rd2 Re4 34.Ng5 Rg4 35.Nf3 Qd6 36.Qf5 Rf4
37.Qh7 Qd8 38.Rf2 Rxf6 39.Ke1 Qe7+ 40.Re2 Qf7 41.Nxd4 Rf1+ 42.Kd2 Qf4+ 43.Kc3 Rc8+
44.Kb4 Qd6+ 45.Ka4 Qd7+ 46.Ka3 Rf7 47.Rg2 Rc7 48.Qh5 Qd6+ 49.Kb2 Rxg7 50.Rd2 Qc5
51.Qf3 Rgf7 52.Qd3 Rfe7 53.c3 a6 54.Nc2 Re5 55.Nb4 Qb5 56.Qxb5 axb5 57.Rxd5 Rxd5
58.Nxd5 Rh7 59.Ne3 Kc6 60.b4 Rxh2+ 61.Kb3 Rd2 62.Nc2 Rd5 63.Nd4+ Kd6 64.Nc2 Ke5
65.a4 bxa4+ 66.Kxa4 Ke4 67.c4 Rh5 68.c5 bxc5 69.bxc5 Rxc5 70.Na3 Kd3 71.Kb4 Rc1
72.Nb5 Rc4+ 73.Kb3 Rh4 74.Nc3 Kd4 75.Kb4 Rg4 76.Nb5+ Kd5+ 77.Kb3 Kc5 78.Nc3 Rg3
79.Kc2 Kc4 80.Ne2 Rd3 81.Nf4 Rd6 82.Ne2 Rd8 83.Nf4 Rd4 84.Ne2 Rd7 85.Nf4 Kd4
86.Ne2+ Ke3 87.Nc3 Rc7 88.Kb3 Kd3 89.Nb5 Rc1 90.Kb4 Rc8 91.Kb3 Rb8 92.Kb4 Rc8
93.Kb3 Rc4 94.Nd6 Rd4 95.Nb5 Rh4 96.Nc3 Kd4 97.Kb4 Rg4 98.Nb5+ Kd5+ 99.Kb3 Kc5
100.Nc3 Rg2 101.Na4+ Kd4 102.Nb2 Rg7 103.Kc2 Rb7 104.Nd3 Rc7+ 105.Kd2 Rh7
106.Nf2 Re7 107.Ng4 Ra7 108.Ke2 Ra3 109.Nf2 Rg3 110.Kd2 Rf3 111.Ke2 Rf4 112.Nd3 Rf8
113.Nf2 Re8+ 114.Kd2 Re3 115.Ng4 Ra3 116.Ke2 Ke4 117.Nf2+  1/2-1/2

[Event "Tch-FIN 2004-5"]
[Site "Finland FIN"]
[Date "2004.11.13"]
[Round "4"]
[White "Westerinen,H"]
[Black "Tolonen,L"]
[Result "0-1"]
[WhiteElo "2371"]
[BlackElo "2380"]

1.e4 e6 2.d4 d5 3.Nc3 Bb4 4.e5 Qd7 5.Bd2 b6 6.Bb5 c6 7.Ba4 a5 8.a3 Bxc3 9.Bxc3 f6
10.Ne2 fxe5 11.dxe5 Ne7 12.b4 O-O 13.O-O Ba6 14.Re1 axb4 15.axb4 Bc4 16.Qd2 Na6
17.Nd4 Nc7 18.Bb3 b5 19.Rxa8 Rxa8 20.Ra1 Rxa1+ 21.Bxa1 h6 22.Bb2 Nf5 23.Nxf5 exf5
24.Bxc4 bxc4 25.Bd4 Ne6 26.c3 Qb7 27.h3 Qa6 28.Kh2 Qa1 29.Be3 Qb1 30.f3 g5
31.Bf2 Kf7 32.Qe3 d4 33.cxd4 Qxb4 34.Be1 Qb3 35.Qd2 Qd3 36.Qb2 Qxd4 37.Qb7+ Kg6
38.Qxc6 Qxe5+ 39.Bg3 f4 40.Bf2 c3 41.Bd4 Qxd4 42.Qxe6+ Qf6 43.Qe8+ Kg7 44.Qd7+ Kg8
45.Qe8+ Qf8 46.Qe6+ Kg7 47.Qd7+ Qf7 48.Qd4+ Qf6 49.Qd7+ Kf8 50.Qc8+ Kf7 51.Qd7+ Qe7
52.Qc6 Qe5 53.Qd7+ Kg6 54.Qc6+ Kh5 55.Qc4 Qe1 56.Qc8 Qe3 57.Qg4+ Kg6 58.Qc8 Kf6
59.Qh8+ Ke6 60.Qxh6+ Kd5 61.Qxg5+ Kc4 62.Qf5 Qd2 63.Qe6+ Kb4 64.Qb6+ Ka4
65.Qa6+ Kb3 66.Qb5+ Ka2 67.Qa5+ Kb1 68.h4 Qd4 69.Qb5+ Kc1 70.h5 c2  0-1

[Event "British Rapidplay"]
[Site "Halifax ENG"]
[Date "2004.11.13"]
[Round "6"]
[White "Ashton,A"]
[Black "Williams,Si"]
[Result "1/2-1/2"]
[WhiteElo "2283"]
[BlackElo "2473"]

1.e4 e6 2.d4 d5 3.Nc3 Bb4 4.e5 Ne7 5.Qg4 c5 6.Nf3 Nbc6 7.a3 Bxc3+ 8.bxc3 O-O
9.Bd3 f5 10.Qh3 Qa5 11.Bd2 Qa4 12.dxc5 Ng6 13.Qg3 Qg4 14.O-O Ngxe5 15.Nxe5 Qxg3
16.hxg3 Nxe5 17.Bf4 Nxd3  1/2-1/2

[Event "WYb16"]
[Site "Heraklio GRE"]
[Date "2004.11.13"]
[Round "11"]
[White "Brkic,A"]
[Black "Sengupta,D"]
[Result "1-0"]
[WhiteElo "2454"]
[BlackElo "2359"]

1.e4 e6 2.d4 d5 3.Nc3 Bb4 4.e5 Ne7 5.a3 Bxc3+ 6.bxc3 b6 7.Qg4 Ng6 8.Bg5 Qd7
9.h4 h5 10.Qf3 Ba6 11.Bxa6 Nxa6 12.Ne2 Qa4 13.O-O c5 14.Rfd1 Rc8 15.Ng3 Rh7
16.Nf5 exf5 17.Qxf5 Rc6 18.dxc5 Nxc5 19.Rxd5 Ne6 20.Rad1 Rc8 21.Rd7 Nxg5
22.e6 Ne7 23.exf7+ Nxf7 24.Qe6 Qxa3 25.Re1 Ne5 26.Rxe7+ Qxe7 27.Qxc8+ Kf7
28.Qf5+ Kg8 29.Rxe5 Qf8 30.Qe4 Qd6 31.Qc4+ Kf8 32.Qc8+ Kf7 33.Qf5+ Qf6 34.Qd7+  1-0

[Event "Acropolis IM Open"]
[Site "Athens GRE"]
[Date "2004.11.17"]
[Round "2"]
[White "Sigalas,F"]
[Black "Halkias,S"]
[Result "0-1"]
[WhiteElo "2284"]
[BlackElo "2526"]

1.e4 e6 2.d4 d5 3.Nc3 Bb4 4.e5 Ne7 5.a3 Bxc3+ 6.bxc3 c5 7.a4 Nbc6 8.Nf3 Qa5
9.Qd2 f6 10.exf6 gxf6 11.Ba3 c4 12.g3 Bd7 13.Bh3 Ng6 14.O-O O-O-O 15.Rfe1 Rde8
16.Re2 h5 17.Qe1 Nd8 18.Bg2 h4 19.Nxh4 Nxh4 20.gxh4 Qc7 21.f3 Reg8 22.Bc1 Nf7
23.Be3 Nh6 24.Bf2 Nf5 25.Kh1 Qf4 26.Qd2 Qxd2 27.Rxd2 Nxh4 28.Bxh4 Rxh4 29.a5 Kc7
30.Re2 Rgh8 31.Bf1 Kd6 32.Rae1 R8h5 33.Kg1 e5 34.Rd2 exd4 35.cxd4 c3 36.Rd3 Rxh2
37.Rxc3 Rh1+ 38.Kf2 R5h2+ 39.Kg3 Rd2 40.Re2 Rxd4 41.Bg2 Rb1 42.Bh3 f5 43.f4 Rbb4
44.Rf3 Ra4 45.Re5 Rxf4 46.Rxd5+ Kxd5 47.Rxf4 Ra3+ 48.Rf3 f4+  0-1

[Event "National Chess Congress"]
[Site "Philadephia USA"]
[Date "2004.11.27"]
[Round "4"]
[White "Strenzwilk,D"]
[Black "Fayvinov,Z"]
[Result "1/2-1/2"]
[WhiteElo "2110"]
[BlackElo "2257"]

1.e4 e6 2.d4 d5 3.Nc3 Bb4 4.e5 Ne7 5.Qg4 O-O 6.Bd3 f5 7.exf6 Rxf6 8.Bg5 Rf7
9.Qh5 g6 10.Qh4 c5 11.dxc5 Nbc6 12.Nf3 Bxc5 13.O-O Qf8 14.Bh6 Qd8 15.Bg5 Qf8
16.Bh6  1/2-1/2

[Event "17th Belgrade Trophy"]
[Site "Obrenovac SCG"]
[Date "2004.11.29"]
[Round "8"]
[White "Martic,N"]
[Black "Vasiljevic,D"]
[Result "1/2-1/2"]
[WhiteElo "2170"]
[BlackElo "2321"]

1.e4 e6 2.d4 d5 3.Nc3 Bb4 4.e5 Ne7 5.a3 Bxc3+ 6.bxc3 b6 7.Qg4 Ng6 8.Ne2 h5
9.Qf3 Ba6 10.g3 Qd7 11.h4 Qa4 12.Kd1 Nc6 13.Rb1 Nge7 14.Nf4 Bxf1 15.Rxf1 g6
16.Nd3 Nf5 17.Qf4 O-O-O 18.Rh1 Na5 19.Rb4 Qc6 20.Bd2 Nc4 21.a4 a5 22.Rb5 Na3
23.Rb3 Nc4 24.Rb5 Qe8 25.Bc1 Rh7 26.f3 Ne7 27.Qf6 Ng8 28.Qg5 Ne7 29.Qf4 Nc6
30.Rb1 Ne7 31.Ra1 Qd7 32.Qf6 Nf5 33.Qg5 Rdh8 34.Ke2 Qc6 35.Rg1 Qd7 36.Kf2 Kb7
37.Rb1 Kc8 38.Ra1 Qe8 39.Ke2 Qd7 40.Kf2 Qc6 41.Ke2 Qd7 42.Ra2 Ne7 43.Qf6 Ng8
44.Qf4 Qe8 45.Ra1 Kb7 46.Kf2 Kc8 47.Ra2 Qe7  1/2-1/2